00195nam a22000857a 4500082001600000245002500016260003800041300000900079490002100088 a658.401 IND aIndustrial Planning/ aNew York:bUnited nations,c1969. a95p: aMonograph No. 17